000
00298nam a2200121Ia 4500
008
220120s9999||||xx |||||||||||||| ||und||
082
_a
823
100
_a
Pierce, Tamora
_9
11959
245
0
_a
Wolf speaker
260
_a
Random House
_b
Bangalore
_c
1997
300
_a
230p.
_b
160
650
_a
MECHANICHAL
999
_c
137506
_d
137506